<?xml version="1.0" encoding="UTF-8"?><?xml-stylesheet type="text/xsl" href="static/style.xsl"?><OAI-PMH xmlns="http://www.openarchives.org/OAI/2.0/" xmlns:xsi="http://www.w3.org/2001/XMLSchema-instance" xsi:schemaLocation="http://www.openarchives.org/OAI/2.0/ http://www.openarchives.org/OAI/2.0/OAI-PMH.xsd"><responseDate>2026-06-29T02:10:11Z</responseDate><request verb="GetRecord" identifier="oai:docta.ucm.es:20.500.14352/116303" metadataPrefix="marc">https://docta.ucm.es/rest/oai/request</request><GetRecord><record><header><identifier>oai:docta.ucm.es:20.500.14352/116303</identifier><datestamp>2025-03-18T15:16:32Z</datestamp><setSpec>com_20.500.14352_14</setSpec><setSpec>col_20.500.14352_15</setSpec></header><metadata><record xmlns="http://www.loc.gov/MARC21/slim" xmlns:dcterms="http://purl.org/dc/terms/" xmlns:xsi="http://www.w3.org/2001/XMLSchema-instance" xmlns:doc="http://www.lyncode.com/xoai" xsi:schemaLocation="http://www.loc.gov/MARC21/slim http://www.loc.gov/standards/marcxml/schema/MARC21slim.xsd">
   <leader>00925njm 22002777a 4500</leader>
   <datafield ind2=" " ind1=" " tag="042">
      <subfield code="a">dc</subfield>
   </datafield>
   <datafield ind2=" " ind1=" " tag="720">
      <subfield code="a">Sánchez López, Álvaro</subfield>
      <subfield code="e">author</subfield>
   </datafield>
   <datafield ind2=" " ind1=" " tag="720">
      <subfield code="a">Koster, Ernst H.W.</subfield>
      <subfield code="e">author</subfield>
   </datafield>
   <datafield ind2=" " ind1=" " tag="720">
      <subfield code="a">Van Put, Jill</subfield>
      <subfield code="e">author</subfield>
   </datafield>
   <datafield ind2=" " ind1=" " tag="720">
      <subfield code="a">De Raedt, Rudi</subfield>
      <subfield code="e">author</subfield>
   </datafield>
   <datafield ind2=" " ind1=" " tag="260">
      <subfield code="c">2019-07</subfield>
   </datafield>
   <datafield ind2=" " ind1=" " tag="520">
      <subfield code="a">Brooding is considered a maladaptive form of emotion regulation linking adverse events to increases in depressive symptoms. The "Impaired Disengagement Hypothesis" (Koster, De Lissnyder, Derakshan &amp; De Raedt, 2011) proposes that attentional disengagement processes are a main mechanism involved in the emergence and maintenance of brooding responses. In this study we tested prospective predictions derived from this framework, relying on eye-tracking to assess direct processes of attentional disengagement from emotional faces (i.e., time to move gaze away from either positive or negative faces when prompted to fixate a different face). A sample of undergraduates (n = 89) completed measures of depression, brooding, and the attentional disengagement task at baseline (beginning of the semester) and five months later (immediately after a stressful period: examination). The results supported a moderated mediation model where slower disengagement from positive faces at baseline (predictor) predicted decreases in brooding during the follow-up period (mediator), indirectly predicting decreased depressive symptoms at follow-up (outcome) in individuals encountering more adverse events during the follow-up period (moderator). Furthermore, analyses also supported a moderation model where more habitual brooding at baseline (predictor) predicted slower disengagement from negative faces at follow-up (outcome) in individuals encountering more adverse events (moderator). Our findings support bidirectional influences between attentional disengagement and brooding and highlight protective attention patterns with implications for the development of efficient strategies for the prevention of depression.</subfield>
   </datafield>
   <datafield ind1="8" ind2=" " tag="024">
      <subfield code="a">Sanchez-Lopez, A., Koster, E. H. W., Van Put, J., &amp; De Raedt, R. (2019). Attentional disengagement from emotional information predicts future depression via changes in ruminative brooding: A five-month longitudinal eye-tracking study. Behaviour research and therapy, 118, 30–42. https://doi.org/10.1016/j.brat.2019.03.013</subfield>
   </datafield>
   <datafield ind1="8" ind2=" " tag="024">
      <subfield code="a">0005-7967</subfield>
   </datafield>
   <datafield ind1="8" ind2=" " tag="024">
      <subfield code="a">10.1016/j.brat.2019.03.013</subfield>
   </datafield>
   <datafield ind1="8" ind2=" " tag="024">
      <subfield code="a">https://hdl.handle.net/20.500.14352/116303</subfield>
   </datafield>
   <datafield ind1="8" ind2=" " tag="024">
      <subfield code="a">https://doi.org/10.1016/j.brat.2019.03.013</subfield>
   </datafield>
   <datafield ind1="8" ind2=" " tag="024">
      <subfield code="a">https://www.sciencedirect.com/science/article/pii/S0005796719300543</subfield>
   </datafield>
   <datafield ind2="0" ind1="0" tag="245">
      <subfield code="a">Attentional disengagement from emotional information predicts future depression via changes in ruminative brooding: A five-month longitudinal eye-tracking study</subfield>
   </datafield>
</record></metadata></record></GetRecord></OAI-PMH>